'98 Braves - Statistics

General Stats
  • This quiz has been taken 9 times
  • The average score is 269 of 327
Answer Stats
Hint Answer % Correct
a
100%
at
100%
Atlanta
100%
be
100%
dang* dang
100%
had
100%
2nd verse Had
100%
Start I
100%
Jones'
100%
keep
100%
magic
100%
Padres
100%
that
100%
the
100%
them
100%
to
100%
up
100%
with
100%
you
100%
You
100%
'98
83%
aint
83%
always
83%
and
83%
Andrew
83%
as
83%
boys
83%
braves
83%
but
83%
But
83%
by
83%
Chipper
83%
close
83%
couch
83%
cut
83%
dad
83%
day
83%
doesn't
83%
end
83%
fate
83%
for
83%
girl
83%
Girl
83%
good
83%
got
83%
hard
83%
have
83%
house
83%
It
83%
it
83%
like
83%
livin
83%
Livin
83%
man
83%
me
83%
no
83%
out
83%
pitchers
83%
put
83%
remember
83%
room
83%
run
83%
season
83%
sittin
83%
sittin'
83%
talk
83%
thinkin
83%
three
83%
was
83%
way
83%
Chorus We
83%
we
83%
win
83%
would
83%
wouldn't
83%
your
83%
been
67%
believin'
67%
between
67%
big
67%
came
67%
didn't
67%
drawer
67%
even
67%
fences
67%
five
67%
game
67%
gonna
67%
guess
67%
hand
67%
hide
67%
home
67%
homeruns
67%
if
67%
If
67%
in
67%
just
67%
kinda
67%
life
67%
lose
67%
love
67%
meant
67%
nothin'
67%
on
67%
plays
67%
ring
67%
runs
67%
short
67%
some
67%
team
67%
thats
67%
town
67%
we'd
67%
wed
67%
Wed
67%
were
67%
whole
67%
add "h" Yeah
67%
yeah
67%
Aw
50%
destiny
50%
swung
50%
could've
33%
either
33%
gone
33%
No matching quizzes found
Score Distribution
Percent of People with Each Score
Percentile by Number Answered
Your Score History
You have not taken this quiz